Seguridad Social: (Notas de Clase). Curso 1984-1985 /
Incluye: Generalidades; El Régimen Obligatorio; El Régimen Voluntario y la Incorporación al Obligatorio; Las Cuotas y las Bases de Cotización; La Rama de Riesgos del Trabajo; La Rama de Enfermedades y Maternidad; La Rama de Invalidez, Vejez, Cesantía en Edad Avanzada y Muerte; Seguridad de Guardería...
Kaydedildi:
| Yazar: | |
|---|---|
| Materyal Türü: | Kitap |
| Dil: | İspanyolca |
| Baskı/Yayın Bilgisi: |
México :
Escuela Libre de Derecho,
1985
|
| Konular: | |
| Etiketler: |
Etiket eklenmemiş, İlk siz ekleyin!
|
MARC
| LEADER | 00000nam^a2200000^a^4500 | ||
|---|---|---|---|
| 001 | 000022253 | ||
| 005 | 20250521000000.0 | ||
| 009 | 20260310084449.813 | ||
| 037 | |a Acervo ITESO - Biblioteca | ||
| 041 | |a ESP | ||
| 082 | |a 344. 02 |b PER | ||
| 100 | |a Peralta Valdés, Juan Antonio |e (autor) | ||
| 245 | 1 | 0 | |a Seguridad Social: (Notas de Clase). Curso 1984-1985 / |c J. A. Peralta V. |
| 264 | 1 | |a México : |b Escuela Libre de Derecho, |c 1985 | |
| 300 | |a 109 p. | ||
| 336 | |a texto |b txt |2 rdacontenido | ||
| 337 | |a sin mediación |b n |2 rdamedio | ||
| 338 | |a volumen |b nc |2 rdasoporte | ||
| 520 | |a Incluye: Generalidades; El Régimen Obligatorio; El Régimen Voluntario y la Incorporación al Obligatorio; Las Cuotas y las Bases de Cotización; La Rama de Riesgos del Trabajo; La Rama de Enfermedades y Maternidad; La Rama de Invalidez, Vejez, Cesantía en Edad Avanzada y Muerte; Seguridad de Guardería; Caducidad; Prescripción y Recursos; Responsabilidades y Sanciones; La Organización Interna de IMSS; Atribuciones y Administración de Recursos del IMSS. | ||
| 649 | |a XX | ||
| 650 | |a Derecho Público | ||
| 650 | |a Seguridad Social - |z México - |x Aspectos Jurídicos | ||
| 650 | |a Seguridad Social - |z México | ||
| 910 | |a Fondo General | ||
| 920 | |a Impresos - Libros | ||
| 930 | |a Colección General | ||
| 905 | |a 101 | ||
| 901 | |a 0222530100 |b IT1 |c ACC |i 022253 |u 20250521 | ||
| 902 | |a https://opac.biblio.iteso.mx/vufind/Record/000022253 | ||